A short history of the Saracens (Record no. 69562)
[ view plain ]
| 000 -LEADER | |
|---|---|
| fixed length control field | 00852cam a22002651 4500 |
| 001 - CONTROL NUMBER | |
| control field | 9201255 |
| 003 - CONTROL NUMBER IDENTIFIER | |
| control field | NUST - PNEC |
| 005 - DATE AND TIME OF LATEST TRANSACTION | |
| control field | 20170116181121.0 |
| 008 - FIXED-LENGTH DATA ELEMENTS--GENERAL INFORMATION | |
| fixed length control field | 780307s1924 enk 000 0 eng |
| 010 ## - LIBRARY OF CONGRESS CONTROL NUMBER | |
| LC control number | 25013330 |
| 020 ## - INTERNATIONAL STANDARD BOOK NUMBER | |
| International Standard Book Number | - |
| 035 ## - SYSTEM CONTROL NUMBER | |
| System control number | (OCoLC)3691725 |
| 040 ## - CATALOGING SOURCE | |
| Original cataloging agency | DLC |
| Transcribing agency | LIBRARY |
| Modifying agency | TQG |
| -- | DLC |
| 042 ## - AUTHENTICATION CODE | |
| Authentication code | premarc |
| 050 00 - LIBRARY OF CONGRESS CALL NUMBER | |
| Classification number | DS234 |
| Item number | .A38 1924 |
| 082 ## - DEWEY DECIMAL CLASSIFICATION NUMBER | |
| Classification number | 909.04927 AME |
| 100 1# - MAIN ENTRY--PERSONAL NAME | |
| Personal name | Syed, Ameer Ali |
| Dates associated with a name | 1849-1928. |
| 9 (RLIN) | 15549 |
| 245 12 - TITLE STATEMENT | |
| Title | A short history of the Saracens |
| Statement of responsibility, etc. | by Ameer Ali, Syed. |
| 260 ## - PUBLICATION, DISTRIBUTION, ETC. | |
| Place of publication, distribution, etc. | London, |
| Name of publisher, distributor, etc. | Macmillan and co., limited, |
| Date of publication, distribution, etc. | 1924. |
| 300 ## - PHYSICAL DESCRIPTION | |
| Extent | xxi, p., 1 l., 640 p. |
| Other physical details | front., plates, fold. maps, geneal. tables (part fold.) |
| Dimensions | 19 cm. |
| 504 ## - BIBLIOGRAPHY, ETC. NOTE | |
| Bibliography, etc. note | "Bibliographical index": p. 629-630. |
| 651 #0 - SUBJECT ADDED ENTRY--GEOGRAPHIC NAME | |
| Geographic name | Islamic Empire. |
| General subdivision | General, History |
| 906 ## - LOCAL DATA ELEMENT F, LDF (RLIN) | |
| a | 7 |
| b | cbc |
| c | oclcrpl |
| d | u |
| e | ncip |
| f | 19 |
| g | y-gencatlg |
| 942 ## - ADDED ENTRY ELEMENTS (KOHA) | |
| Source of classification or shelving scheme | |
| Koha item type | Book |
| Withdrawn status | Lost status | Source of classification or shelving scheme | Damaged status | Not for loan | Permanent Location | Current Location | Shelving location | Date acquired | Total Checkouts | Full call number | Barcode | Date last seen | Price effective from | Koha item type |
|---|---|---|---|---|---|---|---|---|---|---|---|---|---|---|
| Pakistan Navy Engineering College (PNEC) | Pakistan Navy Engineering College (PNEC) | 909.04927 AME | PNECLIB-000824 | 10/05/2015 | Book | |||||||||
| Pakistan Navy Engineering College (PNEC) | Pakistan Navy Engineering College (PNEC) | 909.04927 AME | PNECLIB-002985 | 10/05/2015 | Book | |||||||||
| Pakistan Navy Engineering College (PNEC) | Pakistan Navy Engineering College (PNEC) | 909.04927 AME | PNECLIB-002986 | 10/05/2015 | Book | |||||||||
| Pakistan Navy Engineering College (PNEC) | Pakistan Navy Engineering College (PNEC) | 909.04927 AME | PNECLIB-002983 | 10/05/2015 | Book | |||||||||
| Pakistan Navy Engineering College (PNEC) | Pakistan Navy Engineering College (PNEC) | 11/11/2015 | 909.04927 AME | PNECLIB-002426 | 11/11/2015 | Book | ||||||||
| Pakistan Navy Engineering College (PNEC) | Pakistan Navy Engineering College (PNEC) | 909.04927 AME | PNECLIB-000822 | 12/03/2015 | Book | |||||||||
| Pakistan Navy Engineering College (PNEC) | Pakistan Navy Engineering College (PNEC) | 01/12/2016 | 909.04927 AME | PNECLIB-002984 | 01/12/2016 | Book |
